[Event "Hastings7172"]
[Site "Hastings"]
[Date "1971.??.??"]
[Round "1"]
[White "Byrne, Robert E"]
[Black "Unzicker, Wolfgang"]
[Result "1/2-1/2"]
[WhiteElo "2510"]
[BlackElo "2545"]

1.e4 e5 2.Nf3 Nc6 3.Bb5 a6 4.Ba4 Nf6 5.O-O Nxe4 6.d4 b5 7.Bb3 d5 8.dxe5 Be6
9.c3 Be7 10.Qe2 O-O 11.Bc2 Qd7 12.Nd4 f5 13.f3 Ng5 14.Be3 f4 15.Bf2 Bf7 16.Nd2 Ne6
17.N2b3 Bg6 18.Bxg6 hxg6 19.Rfe1 Ncxd4 20.cxd4 a5 21.Nc1 c6 22.Qc2 g5 23.Ne2 Bd8
24.Rac1 Rc8  1/2-1/2

[Event "Hastings7172"]
[Site "Hastings"]
[Date "1971.??.??"]
[Round "1"]
[White "Botterill, George Steven"]
[Black "Kurajica, Bojan"]
[Result "1/2-1/2"]
[WhiteElo "2410"]
[BlackElo "2490"]

1.e4 c5 2.Nf3 Nc6 3.d4 cxd4 4.Nxd4 Qc7 5.Nc3 e6 6.Be3 Nf6 7.Bd3 a6 8.O-O Bb4
9.Nxc6 bxc6 10.Na4 d5 11.Nb6 Rb8 12.Nxc8 Qxc8 13.exd5 cxd5 14.Qe2 a5 15.Bb5+ Ke7
16.Rac1 Qb7 17.a4 Rhd8 18.c3 Bd6 19.Bd4 Kf8 20.Rb1 Qc7 21.h3 e5 22.Be3 h6
23.Rfc1 Qe7 24.f3 Kg8 25.Qf2 Rdc8 26.Kh1  1/2-1/2

[Event "Hastings7172"]
[Site "Hastings"]
[Date "1971.??.??"]
[Round "1"]
[White "Ciocaltea, Victor"]
[Black "Franklin, Michael J"]
[Result "1/2-1/2"]
[WhiteElo "2460"]
[BlackElo "2345"]

1.e4 c5 2.Nf3 Nc6 3.Bb5 Qc7 4.c3 Nf6 5.Qe2 a6 6.Ba4 g6 7.O-O Bg7 8.h3 O-O
9.d3 d6 10.Nbd2 b5 11.Bc2 Nh5 12.Nb3 a5 13.g4 a4 14.gxh5 axb3 15.Bxb3 Bxh3
16.hxg6 hxg6 17.Re1 Bg4 18.Qe3 Bxf3 19.Qxf3 Ne5 20.Qg3 Nxd3 21.Qxd3 c4 22.Bxc4 bxc4
23.Qg3 Ra5 24.Be3 Qb7 25.Re2 Qxe4 26.Rae1 Rh5 27.f3 Qa8 28.a3 Bf6 29.Rh2 Rxh2
30.Kxh2 Kg7 31.Kg2 Qb7 32.Re2 Rh8 33.Bg5 Be5 34.Bf4 f6 35.Qg4 Bxf4 36.Qxf4 e5
37.Qxc4 Rh5 38.Qb4 Qa7 39.Qxd6 Rg5+ 40.Kh3 Rh5+ 41.Kg2 Rg5+ 42.Kh3  1/2-1/2

[Event "Hastings7172"]
[Site "Hastings"]
[Date "1971.??.??"]
[Round "1"]
[White "Markland, Peter R"]
[Black "Najdorf, Miguel"]
[Result "1/2-1/2"]
[WhiteElo "2510"]
[BlackElo "2530"]

1.c4 Nf6 2.g3 g6 3.Nc3 Bg7 4.Bg2 O-O 5.e4 c5 6.Nge2 Nc6 7.O-O d6 8.d3 Rb8
9.Rb1 Ne8 10.b3 Nc7 11.Bb2 Ne6 12.f4 Ned4 13.Nxd4 cxd4 14.Ne2 f5 15.b4 e5
16.Qb3 fxe4 17.Bxe4 Bh3 18.Bg2 Bxg2 19.Kxg2 Ne7 20.c5+ Kh8 21.cxd6 Nf5 22.Bc1 Qxd6
23.g4 Qc6+ 24.Kh3 Nh6 25.g5 Qd7+ 26.Kg2 Qg4+ 27.Ng3 Nf5 28.Qd1 Nh4+ 29.Kh1 Qxd1
30.Rxd1 exf4 31.Ne4 f3 32.Rf1 Rbe8 33.b5 Rc8 34.Ba3 Rfd8 35.Rbc1 Kg8 36.Bd6 Nf5
37.Bc7 Rd7 38.Bf4 Rxc1 39.Rxc1 Ne3 40.Kg1 Rf7 41.Rc8+  1/2-1/2

[Event "Hastings7172"]
[Site "Hastings"]
[Date "1971.??.??"]
[Round "1"]
[White "Pfleger, Helmut"]
[Black "Karpov, Anatoly"]
[Result "1/2-1/2"]
[WhiteElo "2515"]
[BlackElo "2540"]

1.d4 Nf6 2.c4 e6 3.Nf3 b6 4.g3 Bb7 5.Bg2 Be7 6.Nc3 Ne4 7.Qc2 Nxc3 8.Qxc3 O-O
9.O-O d6 10.b3 c5 11.Bb2 Bf6 12.Qc2 Nc6 13.Rad1 Qe7 14.e4 g6 15.d5 Nb4 16.Qd2 Bxb2
17.Qxb2 exd5 18.exd5 Rae8 19.a3 Na6 20.Rfe1 Qd8 21.Nd2 f5 22.f4 Nc7 23.b4 Ba6
24.Qc3 Rxe1+ 25.Rxe1 Re8 26.Rxe8+ Qxe8 27.Kf2 Qe7 28.Bf1 Ne8 29.Be2 Nf6 30.Bf3 Kf7
31.h3 Bc8 32.Nf1 cxb4 33.axb4 Qc7 34.Ne3 h5 35.b5 a6 36.bxa6 Bxa6 37.g4 hxg4  1/2-1/2

[Event "Hastings7172"]
[Site "Hastings"]
[Date "1971.??.??"]
[Round "1"]
[White "Hartston, William R"]
[Black "Gligoric, Svetozar"]
[Result "1/2-1/2"]
[WhiteElo "2390"]
[BlackElo "2600"]

1.e4 e5 2.Nf3 Nc6 3.Bb5 a6 4.Bxc6 dxc6 5.O-O f6 6.d4 exd4 7.Nxd4 Bd6 8.Nc3 Ne7
9.Qh5+ Ng6 10.Nf5 O-O 11.Rd1 Ne5 12.f4 Nf7 13.Nxd6 cxd6 14.Be3 b5 15.a3 Qe7
16.Re1 Bb7 17.Rad1 a5 18.Bf2 b4 19.Na4 Ra6 20.e5 fxe5 21.fxe5 Nxe5 22.Nc5 Raa8
23.Nxb7 Qxb7 24.Rxd6 Ng6 25.Qc5 bxa3 26.bxa3 Nf4 27.Bg3  1/2-1/2

[Event "Hastings7172"]
[Site "Hastings"]
[Date "1971.??.??"]
[Round "2"]
[White "Gligoric, Svetozar"]
[Black "Ciocaltea, Victor"]
[Result "1/2-1/2"]
[WhiteElo "2600"]
[BlackElo "2460"]

1.d4 Nf6 2.c4 g6 3.Nc3 Bg7 4.e4 d6 5.Nf3 O-O 6.Be2 e5 7.O-O Nc6 8.d5 Ne7
9.Nd2 c5 10.Rb1 Ne8 11.b4 b6 12.Qa4 f5 13.bxc5 bxc5 14.Nb3 fxe4 15.Nxe4 Nf6
16.f3 Nxe4 17.fxe4 Rxf1+ 18.Bxf1 Kh8 19.Qa5 Qd7 20.Be2 Ng8  1/2-1/2

[Event "Hastings7172"]
[Site "Hastings"]
[Date "1971.??.??"]
[Round "2"]
[White "Unzicker, Wolfgang"]
[Black "Botterill, George Steven"]
[Result "1-0"]
[WhiteElo "2545"]
[BlackElo "2410"]

1.e4 d6 2.d4 Nf6 3.Nc3 g6 4.f4 Bg7 5.Nf3 O-O 6.e5 Nfd7 7.Bc4 c5 8.e6 Nb6
9.exf7+ Kh8 10.Be2 cxd4 11.Nxd4 Nc6 12.Be3 Rxf7 13.O-O Qf8 14.Qd2 Nxd4 15.Bxd4 Bd7
16.Nb5 Bxb5 17.Bxb5 Rc8 18.c3 Bxd4+ 19.Qxd4+ Qg7 20.Qe4 d5 21.Qe3 Qf6 22.Rad1 a6
23.Be2 Rc6 24.Rd4 e6 25.Re1 Re7 26.Bf1 Nc8 27.g3 Nd6 28.Rxd5 Nf5 29.Rd8+ Kg7
30.Qe5 Qxe5 31.Rxe5 Nd6 32.Re1 Nf7 33.Rd2 g5 34.Bg2 Rb6 35.Re4 gxf4 36.Rxf4 e5
37.Rg4+ Rg6 38.Rxg6+ hxg6 39.Kf2 Kf6 40.Be4 g5 41.Ke3 Rc7 42.Rf2+ Ke6 43.c4 Nd6
44.Bd5+ Ke7 45.Rc2 Kf6 46.c5 Nf5+ 47.Ke4 Nd6+ 48.Kd3 Ne8 49.b4 Kg6 50.c6 bxc6
51.Rxc6+ Rxc6 52.Bxc6 Nd6 53.a4 Kf6 54.b5 axb5 55.axb5 Ke7 56.b6 Kd8 57.Kc3 Kc8
58.Kb4  1-0

[Event "Hastings7172"]
[Site "Hastings"]
[Date "1971.??.??"]
[Round "2"]
[White "Franklin, Michael J"]
[Black "Mecking, Henrique"]
[Result "1/2-1/2"]
[WhiteElo "2345"]
[BlackElo "2540"]

1.d4 Nf6 2.Nf3 c5 3.e3 g6 4.Be2 Bg7 5.O-O b6 6.b3 Bb7 7.Bb2 O-O 8.c4 cxd4
9.Qxd4 Nc6 10.Qh4 e6 11.Nbd2 d5 12.Rfd1 h6 13.Ne5 Nxe5 14.Bxe5 Nd7 15.Qxd8 Rfxd8
16.Bxg7 Kxg7 17.cxd5 Bxd5 18.e4 Bb7 19.f3 Ne5 20.Kf2 g5 21.Nc4  1/2-1/2

[Event "Hastings7172"]
[Site "Hastings"]
[Date "1971.??.??"]
[Round "3"]
[White "Mecking, Henrique"]
[Black "Gligoric, Svetozar"]
[Result "1/2-1/2"]
[WhiteElo "2540"]
[BlackElo "2600"]

1.e4 e5 2.Nf3 Nc6 3.Bb5 a6 4.Bxc6 dxc6 5.O-O f6 6.d4 exd4 7.Nxd4 Bd6 8.Be3 Ne7
9.Nd2 O-O 10.c3 Ng6 11.Qb3+ Kh8 12.Nf5 Ne5 13.Nxd6 cxd6 14.f4 Nf7 15.Rfe1 b5
16.a4 Qe7 17.axb5 cxb5 18.c4 Bb7 19.cxb5 axb5 20.Rxa8 Rxa8 21.Rc1 h6 22.h3 Re8
23.Bb6 Rc8 24.Rxc8+ Bxc8 25.Qc3 Bb7 26.Qc7 Qxc7 27.Bxc7 Kg8 28.Kf2 Kf8 29.Ke3 Ke7
30.Nf3 Kd7 31.Ba5 d5 32.Bb4 dxe4 33.Nd4 g6 34.Nxb5 f5 35.g4 Nd8 36.gxf5 gxf5
37.Nd6 Ke6 38.Nb5 Bc8 39.b3 Nc6 40.Bf8 h5 41.h4 Bd7 42.Nc7+  1/2-1/2

[Event "Hastings7172"]
[Site "Hastings"]
[Date "1971.??.??"]
[Round "3"]
[White "Pfleger, Helmut"]
[Black "Kortschnoj, Viktor"]
[Result "0-1"]
[WhiteElo "2515"]
[BlackElo "2670"]

1.c4 e5 2.Nc3 Nf6 3.g3 Bb4 4.Bg2 O-O 5.Nf3 Re8 6.O-O e4 7.Nd4 Bxc3 8.bxc3 Nc6
9.d3 exd3 10.exd3 h6 11.Re1 Rxe1+ 12.Qxe1 Nxd4 13.cxd4 d5 14.Ba3 Be6 15.Rb1 b6
16.Rc1 Qd7 17.Qd2 Re8 18.c5 Bh3 19.cxb6 axb6 20.Bb4 Nh7 21.Bxh3 Qxh3 22.Rxc7 Ng5
23.Qd1 Ne6 24.Re7 Rc8 25.Bd2 Nxd4 26.Re3 h5 27.Qa4 Qg4 28.Kg2 b5 29.Qa6 Rc2
30.h3 Qf5 31.Qa7 Nc6 32.Qa8+ Kh7 33.Rf3 Qg6 34.Bf4 Nd4 35.Re3 Ne6 36.Rf3 h4
37.Qxd5 Nxf4+  0-1

[Event "Hastings7172"]
[Site "Hastings"]
[Date "1971.??.??"]
[Round "3"]
[White "Ciocaltea, Victor"]
[Black "Kurajica, Bojan"]
[Result "1/2-1/2"]
[WhiteElo "2460"]
[BlackElo "2490"]

1.e4 c5 2.Nf3 Nc6 3.d4 cxd4 4.Nxd4 Qc7 5.Nc3 e6 6.Be3 Nf6 7.Bd3 d6 8.O-O Be7
9.f4 O-O 10.Qf3 a6 11.Nb3 b5 12.g4 Bb7 13.g5 Nd7 14.Qh3 Nb4 15.f5 exf5 16.exf5 Nxd3
17.cxd3 Rfe8  1/2-1/2

[Event "Hastings7172"]
[Site "Hastings"]
[Date "1971.??.??"]
[Round "3"]
[White "Byrne, Robert E"]
[Black "Najdorf, Miguel"]
[Result "1-0"]
[WhiteElo "2510"]
[BlackElo "2530"]

1.e4 c5 2.Nf3 d6 3.d4 cxd4 4.Nxd4 Nf6 5.Nc3 a6 6.Be3 Nbd7 7.Be2 e6 8.f4 Qc7
9.Bf3 Nb6 10.Qd3 Nc4 11.O-O-O Nxe3 12.Qxe3 e5 13.Nf5 h6 14.Qd2 Bxf5 15.exf5 Be7
16.g4 exf4 17.Qxf4 O-O-O 18.h4 d5 19.Qxc7+ Kxc7 20.g5 hxg5 21.hxg5 Rxh1 22.Bxh1 Ng8
23.Nxd5+ Kb8 24.Nxe7 Rxd1+ 25.Kxd1 Nxe7 26.Be4 Kc7 27.Kd2 b6 28.Ke3 Kd6 29.Kd4 a5
30.a4 f6 31.g6 Ng8 32.c3 Nh6 33.b4 Ng4 34.bxa5 bxa5 35.c4 Ne5 36.c5+ Kd7
37.Kd5 Nc6 38.Kc4 Na7 39.Ba8 Kc7 40.Kd5 Kd7 41.Bb7  1-0

[Event "Hastings7172"]
[Site "Hastings"]
[Date "1971.??.??"]
[Round "3"]
[White "Keene, Raymond D"]
[Black "Franklin, Michael J"]
[Result "0-1"]
[WhiteElo "2465"]
[BlackElo "2345"]

1.Nf3 Nf6 2.g3 b6 3.Bg2 Bb7 4.O-O e6 5.d3 d5 6.Nbd2 h6 7.e4 Be7 8.e5 Nfd7
9.Qe2 c5 10.c4 d4 11.b4 Qc7 12.b5 a5 13.Re1 Nf8 14.h4 Nbd7 15.h5 O-O-O 16.Nh2 g6
17.Bxb7+ Qxb7 18.hxg6 Nxg6 19.Ndf3 Rdg8 20.Qe4 Bd8 21.Qxb7+ Kxb7 22.Kf1 Bc7
23.Ng4 h5 24.Nf6 Nxf6 25.exf6 h4 26.gxh4 Nxh4 27.Nxh4 Rxh4 28.Bd2 Rh2 29.Ke2 Rgg2
30.Rf1 Bg3 31.Be1 Bh4 32.Kf3 Rg6 33.Rb1 Rxf6+ 34.Ke2 Rg6 35.Rb2 e5 36.Kd1 f5
37.Re2 Bf6 38.f3 Rh3 39.Kc2 Kc7 40.Kb3 Kd6 41.Ka4 Bg7 42.Rff2 Bh6 43.Rg2 Re6
44.Ref2 Rh1 45.Re2 Rf1 46.Rgf2 Rxf2 47.Bxf2 Bf4 48.Bh4 Rh6 49.Bd8 Kd7 50.Bxb6 Rxb6
51.Kxa5 Rg6 52.b6 Kc6 53.Ka6 Rg7 54.a4 Re7 55.Rg2 e4 56.fxe4 fxe4 57.dxe4 d3
58.b7 Rxb7 59.Rg6+ Bd6 60.e5 Rd7 61.exd6 Rxd6 62.Rg1 d2 63.Rd1 Rd4 64.Ka7  0-1

[Event "Hastings7172"]
[Site "Hastings"]
[Date "1971.??.??"]
[Round "4"]
[White "Kurajica, Bojan"]
[Black "Mecking, Henrique"]
[Result "1/2-1/2"]
[WhiteElo "2490"]
[BlackElo "2540"]

1.e4 c5 2.Nf3 d6 3.Nc3 a6 4.d4 cxd4 5.Nxd4 Nf6 6.h3 e6 7.g4 d5 8.exd5 Nxd5
9.Nde2 Bb4 10.Bg2 O-O 11.Bd2 Nxc3 12.Nxc3 Nc6 13.a3 Be7 14.O-O Qc7 15.Qf3 Rd8
16.Rad1 Bd7 17.Bf4 Qb6 18.b4 Be8 19.Be3 Qc7 20.Bf4 Qb6 21.Be3 Qc7 22.Bf4 Qb6  1/2-1/2

[Event "Hastings7172"]
[Site "Hastings"]
[Date "1971.??.??"]
[Round "4"]
[White "Markland, Peter R"]
[Black "Pfleger, Helmut"]
[Result "0-1"]
[WhiteElo "2510"]
[BlackElo "2515"]

1.c4 Nf6 2.g3 e6 3.Nf3 d5 4.cxd5 exd5 5.Bg2 Be7 6.O-O O-O 7.d4 c6 8.Nc3 Bf5
9.Qb3 Qb6 10.Qxb6 axb6 11.Bf4 Nbd7 12.Ne5 b5 13.Nxd7 Nxd7 14.e4 dxe4 15.Bxe4 Bxe4
16.Nxe4 f5 17.Bd6 fxe4 18.Bxe7 Rfe8 19.Bd6 Ra4 20.Rfd1 Rea8 21.a3 Kf7 22.Rac1 Ke6
23.Bb4 Nf6 24.Re1 Rd8 25.Bc3 Kd5 26.Re3 Re8 27.Rce1 Raa8 28.Kg2 Re6 29.h3 h5
30.R3e2 g6 31.Re3 Rf8 32.b3 g5 33.Bb2 g4 34.h4 Ne8 35.Rc1 b6 36.a4 Nc7 37.a5 bxa5
38.Rec3 Na6 39.Ra1 Ref6 40.Rc2 Nb4  0-1

[Event "Hastings7172"]
[Site "Hastings"]
[Date "1971.??.??"]
[Round "4"]
[White "Najdorf, Miguel"]
[Black "Botterill, George Steven"]
[Result "1/2-1/2"]
[WhiteElo "2530"]
[BlackElo "2410"]

1.d4 Nf6 2.c4 g6 3.Nc3 d5 4.Nf3 Bg7 5.e3 O-O 6.cxd5 Nxd5 7.Bc4 Nb6 8.Bb3 Na6
9.O-O c5 10.Qe2 Bg4 11.Rd1 cxd4 12.exd4 e6 13.h3 Bxf3 14.Qxf3 Qe7 15.Ne4 h6
16.Bf4 Rfd8 17.Be5 Nb4 18.Nf6+ Kf8 19.Re1 Nc6 20.Nh7+ Kg8 21.Nf6+ Kf8 22.Rad1 Nxe5
23.dxe5 Nd7 24.Nxd7+ Rxd7 25.Rxd7 Qxd7 26.Rd1 Qe7  1/2-1/2

[Event "Hastings7172"]
[Site "Hastings"]
[Date "1971.??.??"]
[Round "4"]
[White "Unzicker, Wolfgang"]
[Black "Ciocaltea, Victor"]
[Result "1-0"]
[WhiteElo "2545"]
[BlackElo "2460"]

1.e4 e5 2.Nf3 Nc6 3.Bb5 a6 4.Ba4 d6 5.O-O Bd7 6.c3 Nf6 7.d4 Qe7 8.Nbd2 g6
9.Re1 Bg7 10.Nf1 O-O 11.Bg5 h6 12.Bh4 b5 13.Bc2 Qe8 14.Ne3 Nh5 15.Nd5 Qc8
16.dxe5 dxe5 17.a4 b4 18.cxb4 Bg4 19.b5 Bxf3 20.Qxf3 Nd4 21.Qd1 Qb7 22.bxa6 Rxa6
23.Bd3 Raa8 24.a5 Nf4 25.a6 Qxb2 26.Nxc7 Ra7 27.Nd5 g5 28.Bg3 Nxd3 29.Qxd3 Rc8
30.Reb1 Qc2 31.Qxc2 Rxc2 32.h3 Ne2+ 33.Kh2 Nxg3 34.Kxg3 Bf8 35.Rb8 Kg7 36.Ne3 Rc6
37.Nf5+ Kg8 38.Rd1  1-0

[Event "Hastings7172"]
[Site "Hastings"]
[Date "1971.??.??"]
[Round "5"]
[White "Byrne, Robert E"]
[Black "Markland, Peter R"]
[Result "1-0"]
[WhiteElo "2510"]
[BlackElo "2510"]

1.e4 e6 2.d4 d5 3.Nc3 Bb4 4.e5 c5 5.a3 Bxc3+ 6.bxc3 Qc7 7.Nf3 Ne7 8.a4 b6
9.Bb5+ Bd7 10.Bd3 Nbc6 11.O-O h6 12.Re1 Na5 13.Be3 Rc8 14.Nd2 c4 15.Be2 O-O
16.Nf1 f6 17.exf6 Rxf6 18.Ng3 Nb7 19.Nh5 Rf7 20.Bg4 Nd6 21.Bf4 Ng6 22.Bg3 Re8
23.f3 Qc6 24.Qd2 Nf5 25.Nf4 Nxf4 26.Bxf4 Kh7 27.Bh5 g6 28.Bg4 h5 29.Bh3 Ref8
30.Be5 Qc8 31.Kh1 Qd8 32.Bf4 Qc8 33.Bg5 Qe8 34.a5 b5 35.Re5 Qc8 36.g4 Ng7
37.f4 hxg4 38.Bxg4 Nf5 39.Qg2 Kg7 40.Rg1 Rh8 41.Bxf5 Rxf5 42.Rxf5 exf5 43.Re1 Re8
44.Be7 Qc6 45.Qg5 a6 46.Re3 Rh8 47.Bf6+ Qxf6 48.Re7+ Qf7 49.Kg2 b4 50.cxb4 Ba4
51.c3 Bc2 52.h4 Kf8 53.Rxf7+ Kxf7 54.Kf2 Bd1 55.Qg2 Rd8 56.Ke1 Bg4 57.b5 axb5
58.Qb2  1-0

[Event "Hastings7172"]
[Site "Hastings"]
[Date "1971.??.??"]
[Round "5"]
[White "Ciocaltea, Victor"]
[Black "Karpov, Anatoly"]
[Result "1/2-1/2"]
[WhiteElo "2460"]
[BlackElo "2540"]

1.e4 e5 2.Nf3 Nc6 3.Bb5 a6 4.Ba4 Nf6 5.O-O Be7 6.Re1 b5 7.Bb3 d6 8.c3 O-O
9.h3 Na5 10.Bc2 c5 11.d4 Qc7 12.Nbd2 Nc6 13.dxc5 dxc5 14.Nf1 Be6 15.Ne3 Rad8
16.Qe2 c4 17.Nf5 Bxf5 18.exf5 h6 19.Nd2 Rfe8 20.Ne4 Nb8 21.a4 Nbd7 22.axb5 axb5
23.Be3 Nxe4 24.Bxe4 Nc5 25.Bxc5 Bxc5 26.Red1 Bb6 27.g3 Qc5  1/2-1/2

[Event "Hastings7172"]
[Site "Hastings"]
[Date "1971.??.??"]
[Round "5"]
[White "Hartston, William R"]
[Black "Najdorf, Miguel"]
[Result "0-1"]
[WhiteElo "2390"]
[BlackElo "2530"]

1.Nf3 Nf6 2.g3 g6 3.b3 Bg7 4.Bb2 O-O 5.Bg2 d6 6.d4 Nbd7 7.O-O e5 8.dxe5 Ng4
9.c4 Re8 10.h3 Nh6 11.Qc2 dxe5 12.Rd1 f5 13.Nbd2 e4 14.Bxg7 Kxg7 15.Nd4 c6
16.Nf1 Qf6 17.b4 Ne5 18.Rab1 Nhf7 19.Nd2 a5 20.a3 axb4 21.axb4 h5 22.f4 exf3
23.exf3 Ng4 24.Nf1 Ne3 25.Nxe3 Rxe3 26.Qd2 f4 27.gxf4 Raa3 28.Nc2 Rad3 29.Nxe3 Rxd2
30.Rxd2 Qxf4 31.Rb3 Ng5 32.Rbd3 Bxh3 33.Nf1 Qxc4 34.Rd4 Nxf3+ 35.Bxf3 Qxf1+
36.Kh2 Qxf3  0-1

[Event "Hastings7172"]
[Site "Hastings"]
[Date "1971.??.??"]
[Round "5"]
[White "Mecking, Henrique"]
[Black "Unzicker, Wolfgang"]
[Result "1/2-1/2"]
[WhiteElo "2540"]
[BlackElo "2545"]

1.e4 e5 2.Nf3 Nc6 3.Bb5 a6 4.Ba4 Nf6 5.O-O Be7 6.Re1 b5 7.Bb3 d6 8.c3 O-O
9.h3 Nb8 10.d4 Nbd7 11.c4 c6 12.cxb5 axb5 13.Nc3 Bb7 14.Bg5 b4 15.Nb1 c5
16.dxe5 Nxe5 17.Nbd2 Nfd7 18.Bxe7 Qxe7 19.a4 bxa3 20.bxa3 Nxf3+ 21.Qxf3 Ne5
22.Qc3 Qc7 23.f4 Nc6 24.Nf3 Qb6 25.Bc4 Ba6 26.Bd5 Rab8 27.Rab1 Qa5 28.Qxa5 Nxa5
29.e5 Bc4 30.Rbd1 dxe5 31.Nxe5 Bb3 32.Nd7 Bxd1 33.Rxd1 Rbd8 34.Nxf8 Kxf8
35.Kf2 Nc4 36.Rc1 Rxd5 37.Rxc4 Rd2+ 38.Kf1 Ra2 39.Rxc5  1/2-1/2

[Event "Hastings7172"]
[Site "Hastings"]
[Date "1971.??.??"]
[Round "5"]
[White "Franklin, Michael J"]
[Black "Gligoric, Svetozar"]
[Result "0-1"]
[WhiteElo "2345"]
[BlackElo "2600"]

1.d4 Nf6 2.Nf3 g6 3.Bf4 d6 4.e3 Nh5 5.Bg5 h6 6.Bh4 g5 7.Nfd2 Ng7 8.Bg3 Nf5
9.Bd3 Nxg3 10.hxg3 Bg7 11.c3 Nd7 12.Nf3 Nf6 13.Nbd2 c6 14.Qc2 Qc7 15.Bf5 Bxf5
16.Qxf5 e6 17.Qc2 O-O-O 18.O-O-O Kb8 19.Kb1 c5 20.Qa4 Rc8 21.Rhe1 Nd7 22.Rc1 Rhd8
23.Nc4 d5 24.Na3 a6 25.Red1 Nf6 26.Nd2 Qb6 27.Nc2 Ne8 28.Ne1 Nd6 29.Nd3 c4
30.Ne1 Ka7 31.Nef3 f5 32.Rh1 Qc7 33.b4 b5 34.Qa3 Kb7 35.Qb2 Ra8 36.Kc2 a5
37.a3 Nc8 38.Ra1 Nb6 39.Rhb1 Na4 40.Qc1 Qf7 41.Kd1 Qh5 42.Ke2 e5 43.Kf1 e4
44.Ng1 Bf8 45.Qc2 Rd6 46.Re1 Rda6 47.Rad1 Bd6 48.Nb1 Rf8 49.Qe2 Qh2 50.Rd2 Bc7
51.Rc2 Raf6 52.Nd2 Ka6 53.Nb1 h5 54.Nh3 Qh1+ 55.Ng1 f4 56.gxf4 gxf4 57.exf4 Bxf4  0-1

[Event "Hastings7172"]
[Site "Hastings"]
[Date "1971.??.??"]
[Round "6"]
[White "Markland, Peter R"]
[Black "Botterill, George Steven"]
[Result "1-0"]
[WhiteElo "2510"]
[BlackElo "2410"]

1.c4 e5 2.Nc3 Nc6 3.g3 g6 4.Bg2 Bg7 5.e3 d6 6.Nge2 Be6 7.d4 Bxc4 8.d5 Bxe2
9.Qxe2 Nb8 10.Qb5+ Nd7 11.Qxb7 Rb8 12.Qa6 Ne7 13.O-O Nc5 14.Qe2 O-O 15.e4 c6
16.Bg5 f6 17.Be3 cxd5 18.Nxd5 Nxd5 19.Qc4 Kh8 20.Qxd5 Rxb2 21.Rfd1 Na4 22.Qxd6 Qxd6
23.Rxd6 Nc3 24.Bf1 Nxe4 25.Rd7 f5 26.Rc1 f4 27.gxf4 exf4 28.Bxa7 Nf6 29.Re7 Rxa2
30.Rcc7 Rxa7 31.Rxa7 Bh6 32.h4 g5 33.Bd3 gxh4 34.Rxh7+ Nxh7 35.Rxh7+ Kg8
36.Rxh6 Rd8 37.Bc4+ Kg7 38.Rxh4 Rd4 39.Bf1 Kf6 40.Kg2 Kg5 41.Rh8 Ra4 42.Rg8+ Kf6
43.Kf3 Ke5 44.Re8+ Kf5 45.Bd3+ Kg5 46.Re5+  1-0

[Event "Hastings7172"]
[Site "Hastings"]
[Date "1971.??.??"]
[Round "6"]
[White "Pfleger, Helmut"]
[Black "Byrne, Robert E"]
[Result "1/2-1/2"]
[WhiteElo "2515"]
[BlackElo "2510"]

1.e4 c5 2.Nf3 Nc6 3.Bb5 e6 4.O-O Nge7 5.Re1 Ng6 6.c3 Be7 7.d4 cxd4 8.cxd4 d5
9.exd5 exd5 10.Bg5 f6 11.Bh4 Nxh4 12.Nxh4 O-O 13.Nc3 g5 14.Nf3 g4 15.Nd2 Nxd4
16.Nxd5 Bd6 17.Bc4 Kh8 18.Nb3 Nc6 19.Nd4 Be5 20.Nxc6 bxc6 21.Nc3 Bf5 22.Qa4 Qb8
23.Bb3 Bxh2+ 24.Kh1 Qf4 25.Qxf4 Bxf4 26.Be6 Bxe6 27.Rxe6 Rab8 28.Na4 Be5
29.Rxc6 Rb4 30.Ra6 Rf4 31.Nc5 Rxf2 32.Nd3 Rd2 33.Nxe5 fxe5 34.Kh2 Rff2 35.Rg1 Rxb2
36.Rxa7 Rxa2 37.Rxa2 Rxa2 38.Kg3 Kg7 39.Kxg4 Kg6 40.Kf3 h5 41.Rb1 Kf5 42.Rb8 Ra3+
43.Kf2 h4 44.Rh8 Kg4 45.Rg8+ Kf4 46.Rf8+ Ke4 47.Rb8 Ra2+ 48.Kf1 Kf4 49.Rf8+ Ke3
50.Rf3+ Kd4 51.Rb3 Rc2 52.Rb4+ Kd3 53.Rb3+ Rc3 54.Rb2 e4 55.Kf2 Rc8 56.Rb3+ Kd4
57.Rb4+ Ke5 58.Rb3 Kf4 59.Rh3 Rc2+ 60.Kf1 Ra2 61.Rxh4+ Ke3 62.Rh3+ Kd2 63.Rb3 e3
64.Rb1 Rc2 65.Ra1 Rb2 66.g4 Kd3 67.Ra3+ Ke4 68.Ra8  1/2-1/2

[Event "Hastings7172"]
[Site "Hastings"]
[Date "1971.??.??"]
[Round "6"]
[White "Najdorf, Miguel"]
[Black "Ciocaltea, Victor"]
[Result "1/2-1/2"]
[WhiteElo "2530"]
[BlackElo "2460"]

1.Nf3 Nf6 2.g3 g6 3.b3 Bg7 4.Bb2 O-O 5.Bg2 d6 6.d4 e5 7.dxe5 Ng4 8.Nbd2 Nc6
9.O-O Re8 10.Rb1 Ngxe5 11.Nxe5 dxe5 12.e3 Bf5 13.Ne4 Qxd1 14.Rbxd1 Rad8 15.Nc5 Rxd1
16.Rxd1 Rd8 17.Rxd8+ Nxd8 18.Nxb7 Nxb7 19.Bxb7 Bxc2 20.e4 f6 21.Bd5+ Kf8
22.Bc1 Ke7 23.Be3 a5 24.a4 Kd7 25.Bd2 c6 26.Bg8 Bxe4 27.Bxa5 Bd5 28.Bxd5 cxd5
29.b4 Bf8 30.b5 Bc5 31.Bd2 f5 32.a5 Kc7 33.Kf1 e4 34.Ke2 Kb7 35.Bf4 d4  1/2-1/2

[Event "Hastings7172"]
[Site "Hastings"]
[Date "1971.??.??"]
[Round "7"]
[White "Botterill, George Steven"]
[Black "Pfleger, Helmut"]
[Result "1/2-1/2"]
[WhiteElo "2410"]
[BlackElo "2515"]

1.e4 c6 2.d4 d5 3.exd5 cxd5 4.c4 Nf6 5.Nc3 e6 6.Nf3 Be7 7.cxd5 Nxd5 8.Bc4 Nxc3
9.bxc3 Nc6 10.O-O O-O 11.Qe2 b6 12.Bd3 Bb7 13.Rd1 Rc8 14.Bb2 Bf6 15.Rac1 Ne7
16.c4 Qd6 17.Nd2 Rfd8 18.Ne4 Bxe4 19.Bxe4 g6 20.Qf3 Bg7 21.Ba3 Qd7 22.d5 e5
23.Qb3 Nf5 24.Bxf5 Qxf5 25.c5 bxc5 26.Rxc5 Rb8 27.Rb5 Rxb5 28.Qxb5 h5 29.Qb3 e4
30.Bc5 a6 31.h3 Bf6 32.Qb7 Kg7 33.Qxa6 Rxd5 34.Bf8+ Kg8 35.Rxd5 Qxd5 36.Qxf6 Kxf8
37.Qa1 Qe6 38.a4 e3 39.fxe3 Qxe3+ 40.Kh1 g5  1/2-1/2

[Event "Hastings7172"]
[Site "Hastings"]
[Date "1971.??.??"]
[Round "7"]
[White "Ciocaltea, Victor"]
[Black "Kortschnoj, Viktor"]
[Result "1/2-1/2"]
[WhiteElo "2460"]
[BlackElo "2670"]

1.e4 e6 2.d4 d5 3.Nc3 Bb4 4.e5 c5 5.a3 Bxc3+ 6.bxc3 Ne7 7.a4 Qa5 8.Bd2 Nbc6
9.Nf3 Bd7 10.Be2 c4 11.O-O f6 12.Re1 O-O 13.Bf1 Rae8 14.g3 fxe5 15.dxe5 Nc8
16.Bg2 Nb6 17.Qb1 Nd8 18.Nd4 Nxa4 19.f4 Kh8 20.Kh1 a6 21.Qd1 b5 22.Qh5 Qc7
23.g4 Bc8 24.Rf1 Nc5 25.Be3 Ne4 26.Bxe4 dxe4 27.Qh4 Nf7 28.Qg3 Kg8 29.h4 Rd8
30.g5 Rd5 31.h5 Nd8 32.g6 h6 33.Qh4 Qd7 34.Ne2 Bb7 35.Kg1 Nc6 36.Ng3 Ne7
37.Qg4 Nf5 38.Nxf5 exf5 39.Qe2 Rd8 40.Kf2 Qe7 41.Kg3 Qd7 42.Kf2 Kf8 43.Rfb1 Ke8
44.Ke1 Qe7 45.Qf2 R8d7 46.Rd1 b4 47.Rxd5 Rxd5 48.cxb4 Qxb4+ 49.Kf1 Qb2 50.Rc1 c3
51.Kg1 a5 52.Qf1 Rd2  1/2-1/2

[Event "Hastings7172"]
[Site "Hastings"]
[Date "1971.??.??"]
[Round "7"]
[White "Hartston, William R"]
[Black "Markland, Peter R"]
[Result "1-0"]
[WhiteElo "2390"]
[BlackElo "2510"]

1.e4 e6 2.Nc3 d5 3.d4 Bb4 4.e5 c5 5.a3 Bxc3+ 6.bxc3 Qc7 7.Nf3 Ne7 8.a4 b6
9.Bb5+ Bd7 10.Bd3 Nbc6 11.O-O h6 12.Ba3 Na5 13.Nd2 O-O 14.dxc5 bxc5 15.Nb3 Nac6
16.Bxc5 Qxe5 17.Nd4 Rfd8 18.Nb5 Be8 19.f4 Qb8 20.Qe1 Rd7 21.Nd4 e5 22.fxe5 Qxe5
23.Qf2 Nxd4 24.cxd4 Qc7 25.Rae1 f6 26.Re3 Kh8 27.Rfe1  1-0

[Event "Hastings7172"]
[Site "Hastings"]
[Date "1971.??.??"]
[Round "7"]
[White "Mecking, Henrique"]
[Black "Najdorf, Miguel"]
[Result "1-0"]
[WhiteElo "2540"]
[BlackElo "2530"]

1.e4 c5 2.Nf3 d6 3.d4 cxd4 4.Nxd4 Nf6 5.Nc3 e6 6.g4 h6 7.Rg1 Nc6 8.Be3 Bd7
9.Be2 a6 10.h4 Nxd4 11.Qxd4 h5 12.gxh5 Nxh5 13.O-O-O Qc7 14.f4 Bc6 15.Bf3 Nf6
16.Bf2 Rc8 17.Rd2 Rh7 18.Qd3 g6 19.f5 gxf5 20.exf5 e5 21.Bxc6+ Qxc6 22.Kb1 b5
23.a3 Qc4 24.Qf3 Qc6 25.Qd3 Qc4 26.Qf3 Qc6 27.Qd1 Rb8 28.Rd3 b4 29.axb4 Rxb4
30.Nd5 Nxd5 31.Rxd5 Qc3 32.b3 Ra4 33.bxa4 Qb4+ 34.Kc1 Bh6+ 35.Rg5 Bxg5+ 36.hxg5 Qa3+
37.Kb1 Qb4+ 38.Kc1 Qa3+ 39.Kd2 Qb4+ 40.Kd3 Qf4 41.Be3 Qxf5+ 42.Kc3 Rh3 43.Qd2 Qe4
44.Rd3 Qxa4 45.Qg2 Qa3+ 46.Kd2 Qb4+ 47.Kc1 Rh4 48.Qc6+ Ke7 49.Qc7+ Ke6 50.Qc8+ Ke7
51.Rb3 Qe1+ 52.Kb2 Rb4 53.Qc3 Rxb3+ 54.cxb3 Qf1 55.Qc7+ Ke6 56.Qc8+ Kd5 57.Qg4 Kc6
58.Qe4+ Kd7 59.Qd5 Ke7 60.Ka3 Qa1+ 61.Kb4 Qa2 62.Qb7+  1-0

[Event "Hastings7172"]
[Site "Hastings"]
[Date "1971.??.??"]
[Round "7"]
[White "Franklin, Michael J"]
[Black "Unzicker, Wolfgang"]
[Result "1/2-1/2"]
[WhiteElo "2345"]
[BlackElo "2545"]

1.d4 Nf6 2.Nf3 d5 3.e3 Bf5 4.c4 e6 5.Nc3 c6 6.Bd3 Bxd3 7.Qxd3 Nbd7 8.O-O Bb4
9.Bd2 Ba5 10.b4 Bc7 11.e4 dxc4 12.Qxc4 e5 13.Be3 O-O 14.Rad1 exd4 15.Bxd4 Qb8
16.h3 Re8 17.Qd3 h6 18.Nh4 Be5 19.Nf5 Rd8 20.f4 Bxd4+ 21.Qxd4 Ne8 22.e5 Nf8
23.Nd6 Qc7 24.Nce4 Nxd6 25.exd6 Qb6 26.Nc5 Ne6 27.Nxe6 fxe6 28.Rfe1 Kf7 29.f5 Qxd4+
30.Rxd4 exf5 31.Re7+ Kf6 32.Rxb7 a5 33.a3 axb4 34.axb4 Ke5 35.Rd2 Rxd6 36.Re7+ Kf6
37.Rxd6+ Kxe7 38.Rxc6 Ra1+ 39.Kf2 Rb1 40.Rb6 Rb2+ 41.Kf3 g5  1/2-1/2